[Event "Special Hiver Suisse"]
[Site "Gatineau CAN"]
[Date "2018.02.13"]
[Round "2"]
[White "Chen, Annie"]
[Black "Arcand, Pierre"]
[Result "0-1"]
[WhiteElo "1063"]
[BlackElo "1187"]
[PlyCount "68"]
[EventDate "2018.02.06"]
[EventType "swiss"]
[EventRounds "5"]
[EventCountry "CAN"]

1. e4 e5 2. Nc3 Nf6 3. Nf3 Nc6 4. d3 d6 5. g3 Be7 6. Bg2 O-O 7. Be3 Bg4 8. Nb5
a6 9. Na3 d5 10. exd5 Qxd5 11. Nc4 e4 12. Ncd2 exf3 13. Nxf3 Qb5 14. Rb1 Nd5
15. Bd2 Nf6 16. Bf4 Rac8 17. Qc1 Bxf3 18. Bxf3 Nd4 19. Bg2 Rfe8 20. c4 Qa5+ 21.
Bd2 Qb6 22. Bh3 Rcd8 23. c5 Bxc5+ 24. Be3 Nf3+ 25. Ke2 Bxe3 26. fxe3 Nd4+ 27.
Kd1 Nb5 28. d4 Ne4 29. Rf1 Qh6 30. Bf5 Qxh2 31. Bxe4 Rxe4 32. a4 Nxd4 33. Qxc7
Ne6+ 34. Ke1 Qd2# 0-1

[Event "Special Hiver Suisse"]
[Site "Gatineau CAN"]
[Date "2018.02.13"]
[Round "2"]
[White "Iyamuremye, Gervais"]
[Black "Deng, Joyce"]
[Result "1-0"]
[WhiteElo "1477"]
[BlackElo "1037"]
[PlyCount "65"]
[EventDate "2018.02.06"]
[EventType "swiss"]
[EventRounds "5"]
[EventCountry "CAN"]

1. e4 e5 2. Nf3 Nc6 3. Nc3 Nf6 4. Bb5 a6 5. Ba4 d6 6. d3 Bd7 7. h3 h6 8. O-O
Be7 9. Bb3 O-O 10. Nd5 Nxd5 11. Bxd5 Bf6 12. Nh2 Rb8 13. Qf3 Nd4 14. Qd1 Qe7
15. c3 Nc6 16. f4 Rfe8 17. Ng4 Bh4 18. fxe5 Nxe5 19. Nxe5 Be6 20. Bxe6 Qxe6 21.
Nxf7 Rf8 22. Qh5 Bf6 23. Nxh6+ gxh6 24. Qg6+ Kh8 25. Qxh6+ Kg8 26. Bg5 Rf7 27.
Rxf6 Rxf6 28. Qxf6 Qd7 29. Rf1 Qe8 30. Rf5 Rc8 31. Qe7 Qg6 32. h4 Re8 33. Rf6
1-0

[Event "Special Hiver Suisse"]
[Site "Gatineau CAN"]
[Date "2018.02.13"]
[Round "2"]
[White "Labrie, Dany"]
[Black "Bastien, Andre"]
[Result "0-1"]
[WhiteElo "1304"]
[BlackElo "1866"]
[PlyCount "106"]
[EventDate "2018.02.06"]
[EventType "swiss"]
[EventRounds "5"]
[EventCountry "CAN"]

1. e4 d5 2. e5 c5 3. d4 cxd4 4. Qxd4 e6 5. Nc3 a6 6. Bd2 Nc6 7. Qf4 Nge7 8. Qg3
Nf5 9. Qg4 Be7 10. Qh5 g6 11. Qe2 Nfd4 12. Qd1 Nxe5 13. Bf4 Bf6 14. Qxd4 Nf3+
15. Nxf3 Bxd4 16. Nxd4 Qh4 17. g3 Qf6 18. O-O-O g5 19. Be3 Bd7 20. f4 gxf4 21.
Bxf4 O-O 22. Be2 Qg7 23. Nf3 f6 24. h4 e5 25. Rhg1 Bc6 26. h5 Qf7 27. b3 b5 28.
Nh4 Qe6 29. g4 exf4 30. g5 f5 31. g6 d4 32. gxh7+ Kxh7 33. Bd3 dxc3 34. Rg6
Qe3+ 35. Kb1 Be8 36. a3 Bxg6 37. Nxg6 Rf6 38. Rh1 Rd8 39. Rd1 Rfd6 40. Nxf4
Qxf4 41. Rf1 Qxf1+ 42. Bxf1 Rd1+ 43. Ka2 Rxf1 44. b4 Rdd1 45. Kb3 Rf4 46. Kxc3
Rc4+ 47. Kb3 f4 48. c3 f3 49. Kc2 Rd6 50. h6 f2 51. Kb3 f1=Q 52. a4 Qb1+ 53.
Ka3 Rxc3# 0-1

[Event "Special Hiver Suisse"]
[Site "Gatineau CAN"]
[Date "2018.02.13"]
[Round "2"]
[White "Lemieux, Richard"]
[Black "Akrib, Fouad"]
[Result "1-0"]
[WhiteElo "1623"]
[BlackElo "1940"]
[PlyCount "69"]
[EventDate "2018.02.06"]
[EventType "swiss"]
[EventRounds "5"]
[EventCountry "CAN"]

1. d4 b6 2. e4 Bb7 3. Nc3 e6 4. Bd3 c5 5. d5 a6 6. Bf4 Nf6 7. d6 b5 8. f3 Nh5
9. Qd2 Nxf4 10. Qxf4 Nc6 11. e5 g5 12. Qe3 Bg7 13. Be4 Bxe5 14. Bxc6 Bd4 15.
Bxd7+ Kxd7 16. Qd3 b4 17. Ne4 f5 18. Nd2 Bxb2 19. Rb1 Bg7 20. a3 Qa5 21. Nc4
Bc3+ 22. Qxc3 bxc3 23. Rxb7+ Kc6 24. Nxa5+ Kxd6 25. Ne2 Rhb8 26. O-O Rxb7 27.
Nxb7+ Kc6 28. Na5+ Kb5 29. Nb3 a5 30. Rd1 a4 31. Nbc1 Kc4 32. Na2 Rb8 33. Naxc3
Rb2 34. Nxa4 Ra2 35. Nb6+ 1-0

[Event "Special Hiver Suisse"]
[Site "Gatineau CAN"]
[Date "2018.02.13"]
[Round "2"]
[White "Sabourin, Yves"]
[Black "Gagnon, Fabien"]
[Result "0-1"]
[WhiteElo "1514"]
[BlackElo "1838"]
[PlyCount "74"]
[EventDate "2018.02.06"]
[EventType "swiss"]
[EventRounds "5"]
[EventCountry "CAN"]

1. e4 c5 2. c3 e6 3. d4 d5 4. exd5 exd5 5. Nf3 Nc6 6. Be3 c4 7. g3 Bd6 8. Bg2
Bg4 9. Nbd2 Qd7 10. h3 Bf5 11. Ng1 Nge7 12. Ne2 O-O 13. Bf4 Bxf4 14. Nxf4 g5
15. Ne2 Ng6 16. Nf1 Rae8 17. Ne3 Be4 18. O-O f5 19. Bxe4 Rxe4 20. Ng2 f4 21. f3
Rxe2 22. Qxe2 fxg3 23. Rae1 Nd8 24. Ne3 Nf4 25. Qd2 Nxh3+ 26. Kg2 Nf4+ 27. Kg1
h5 28. Qc2 Nd3 29. Re2 Ne6 30. Ng2 Nef4 31. Nxf4 Nxf4 32. Re5 Qh3 33. Rxg5+ Kh8
34. Rb1 g2 35. Kf2 Nd3+ 36. Ke2 Qxf3+ 37. Kd2 Qf2+ 0-1

[Event "Special Hiver Suisse"]
[Site "Gatineau CAN"]
[Date "2018.02.13"]
[Round "2"]
[White "Solunac, Stephen"]
[Black "Masse-Garneau, Anthony"]
[Result "1-0"]
[WhiteElo "1749"]
[BlackElo "1449"]
[PlyCount "75"]
[EventDate "2018.02.06"]
[EventType "swiss"]
[EventRounds "5"]
[EventCountry "CAN"]

1. c4 e5 2. Nc3 Nc6 3. g3 b6 4. Bg2 Bb7 5. e4 Nge7 6. Nge2 Ng6 7. O-O h5 8. h4
Bc5 9. a3 Nd4 10. b4 Nxe2+ 11. Nxe2 Bd6 12. d4 exd4 13. Nxd4 Be5 14. f4 Bf6 15.
Ra2 d6 16. Re2 Bxd4+ 17. Qxd4 Kf8 18. Bb2 Rg8 19. Bf3 c5 20. Qd3 Rh8 21. Qc3
Qf6 22. e5 dxe5 23. Bxb7 Re8 24. fxe5 Qe7 25. Bd5 f6 26. exf6 Qxe2 27. fxg7+
Ke7 28. Re1 Qxe1+ 29. Qxe1+ Kd8 30. gxh8=Q Nxh8 31. Bf6+ Kd7 32. Bc6+ Kxc6 33.
Qxe8+ Kc7 34. Bxh8 cxb4 35. Be5+ Kb7 36. Qd7+ Ka6 37. Bb8 b5 38. Qxa7# 1-0

[Event "Special Hiver Suisse"]
[Site "Gatineau CAN"]
[Date "2018.02.20"]
[Round "3"]
[White "Akrib, Fouad"]
[Black "Lecorre, Joel"]
[Result "1/2-1/2"]
[WhiteElo "1940"]
[BlackElo "1512"]
[PlyCount "118"]
[EventDate "2018.02.06"]
[EventType "swiss"]
[EventRounds "5"]
[EventCountry "CAN"]

1. e4 d5 2. exd5 Qxd5 3. Nf3 Bg4 4. Be2 e6 5. d4 Nf6 6. c4 Qd8 7. Nc3 c6 8. O-O
Nbd7 9. Qb3 b6 10. h3 Bf5 11. Bf4 Be7 12. Rad1 Qc8 13. Rfe1 O-O 14. Rc1 Qb7 15.
g4 Bg6 16. Bf1 Rfe8 17. Bg2 Rac8 18. Qa4 h6 19. b4 a6 20. Qb3 b5 21. c5 Nd5 22.
Bg3 N7f6 23. Ne5 Bh7 24. a3 Nxc3 25. Qxc3 Nd5 26. Qd2 Bf6 27. h4 Qe7 28. Nxc6
Rxc6 29. Bxd5 Rcc8 30. h5 Qd7 31. Bg2 Qxd4 32. Qxd4 Bxd4 33. Be5 Bxe5 34. Rxe5
Re7 35. Rc3 Rd7 36. c6 Rd3 37. Rec5 Rc7 38. Kh2 Rd4 39. f3 Bd3 40. Kg3 Bc4 41.
f4 f6 42. R5xc4 Rxc4 43. Rxc4 bxc4 44. Kf2 Kf8 45. Ke3 Ke7 46. Kd4 c3 47. Kxc3
Kd6 48. Kd4 Ra7 49. a4 Ra8 50. Kc4 e5 51. f5 Rb8 52. b5 axb5+ 53. axb5 Rb6 54.
Be4 Rb8 55. Kb4 Rc8 56. Ka5 Ra8+ 57. Kb6 Rb8+ 58. Ka6 Kc7 59. Ka7 Rxb5 1/2-1/2

[Event "Special Hiver Suisse"]
[Site "Gatineau CAN"]
[Date "2018.02.20"]
[Round "3"]
[White "Bastien, Andre"]
[Black "Lemieux, Richard"]
[Result "1-0"]
[WhiteElo "1866"]
[BlackElo "1623"]
[PlyCount "95"]
[EventDate "2018.02.06"]
[EventType "swiss"]
[EventRounds "5"]
[EventCountry "CAN"]

1. d4 Nf6 2. c4 e5 3. dxe5 Ng4 4. Nf3 Nc6 5. a3 Ngxe5 6. Nxe5 Nxe5 7. Qd5 d6 8.
e3 c6 9. Qd4 Qf6 10. Nc3 Bf5 11. f3 Qg6 12. e4 Bh3 13. Qf2 Be6 14. b3 f5 15.
Be3 Be7 16. Bd4 O-O 17. Bxe5 dxe5 18. Bd3 f4 19. b4 Rad8 20. O-O-O b6 21. Be2
Qf7 22. Qf1 Rd4 23. Rxd4 exd4 24. Nb1 Rd8 25. Bd3 c5 26. b5 a6 27. Nd2 axb5 28.
cxb5 c4 29. Bb1 c3 30. Qd3 Bxa3+ 31. Kd1 Bb3+ 32. Nxb3 Qxb3+ 33. Bc2 Qb4 34.
Ke2 Rc8 35. Rd1 Rc4 36. Ra1 Rc8 37. Kf2 Rd8 38. g3 g5 39. e5 Qe7 40. Rxa3 fxg3+
41. hxg3 Qxa3 42. Qxh7+ Kf8 43. e6 Rd7 44. Qxd7 Qe7 45. Ke2 Qxd7 46. exd7 Ke7
47. Bf5 Kd8 48. Kd3 1-0

[Event "Special Hiver Suisse"]
[Site "Gatineau CAN"]
[Date "2018.02.20"]
[Round "3"]
[White "Chen, Daniel"]
[Black "Celac, Ekaterina"]
[Result "0-1"]
[WhiteElo "928"]
[BlackElo "1059"]
[PlyCount "68"]
[EventDate "2018.02.06"]
[EventType "swiss"]
[EventRounds "5"]
[EventCountry "CAN"]

1. d4 d5 2. c4 Nf6 3. Nc3 dxc4 4. e4 Nc6 5. e5 Qxd4 6. Qxd4 Nxd4 7. exf6 Nc2+
8. Kd1 Nxa1 9. Bxc4 Be6 10. Bd3 Rd8 11. Kd2 exf6 12. Nf3 g6 13. Re1 Bc5 14. Ne4
Bb4+ 15. Nc3 O-O 16. Ke2 Rfe8 17. Bb5 Bd7+ 18. Kf1 Bxb5+ 19. Kg1 Rxe1+ 20. Nxe1
Re8 21. Bd2 a6 22. h3 Rd8 23. Bh6 Rd4 24. Nf3 Rd3 25. Nxb5 axb5 26. a3 Rd1+ 27.
Kh2 Bd6+ 28. g3 c5 29. Kg2 c4 30. b4 c3 31. Bd2 cxd2 32. a4 bxa4 33. h4 Rb1 34.
g4 d1=Q 0-1

[Event "Special Hiver Suisse"]
[Site "Gatineau CAN"]
[Date "2018.02.20"]
[Round "3"]
[White "Gagnon, Fabien"]
[Black "Solunac, Stephen"]
[Result "1-0"]
[WhiteElo "1838"]
[BlackElo "1749"]
[PlyCount "55"]
[EventDate "2018.02.06"]
[EventType "swiss"]
[EventRounds "5"]
[EventCountry "CAN"]

1. d4 e6 2. e4 d5 3. Nd2 Nf6 4. e5 Nfd7 5. Bd3 c5 6. c3 Nc6 7. Ne2 Be7 8. O-O
b6 9. f4 Bb7 10. f5 Qc7 11. fxe6 fxe6 12. Nf4 Nf8 13. Qg4 Kd7 14. Nxd5 h5 15.
Qxg7 exd5 16. Qxh8 cxd4 17. cxd4 Nxd4 18. Qxh5 Nfe6 19. Nb3 Rg8 20. Nxd4 Nxd4
21. Be3 Ne6 22. Bf5 d4 23. Bxe6+ Kxe6 24. Qf7+ Kd7 25. Qxg8 Qxe5 26. Bf4 Qe2
27. Rae1 Qxb2 28. Qe6+ 1-0

[Event "Special Hiver Suisse"]
[Site "Gatineau CAN"]
[Date "2018.02.20"]
[Round "3"]
[White "Labrie, Dany"]
[Black "Sabourin, Yves"]
[Result "0-1"]
[WhiteElo "1304"]
[BlackElo "1514"]
[PlyCount "122"]
[EventDate "2018.02.06"]
[EventType "swiss"]
[EventRounds "5"]
[EventCountry "CAN"]

1. c4 Nf6 2. Nc3 g6 3. e4 d6 4. Nf3 c5 5. d3 Bg7 6. Be2 Nc6 7. O-O Bd7 8. Re1
O-O 9. Bf4 a6 10. Qd2 Rb8 11. Bh6 b5 12. Bxg7 Kxg7 13. b3 b4 14. Nd5 e6 15. Nf4
Qc8 16. Nh4 e5 17. Nd5 Nxd5 18. cxd5 Nd4 19. Bh5 Qd8 20. Nf3 gxh5 21. Nxd4 exd4
22. f4 h6 23. Rf1 Qe7 24. Rae1 f6 25. Rf3 Rg8 26. f5 Rbf8 27. Rh3 Be8 28. Qf4
Kh7 29. Re2 Rg4 30. Qd2 Qa7 31. Rf2 a5 32. Rf4 Rxf4 33. Qxf4 Qe7 34. g4 Rg8 35.
Rh4 Rxg4+ 36. Rxg4 hxg4 37. Qxg4 Qg7 38. Qxg7+ Kxg7 39. Kf2 Bh5 40. h4 Kf7 41.
Ke1 Ke7 42. Kd2 Kd7 43. Kc2 Kc7 44. Kb2 Kb6 45. Kc2 Kb5 46. Kb2 Be2 47. Kc2 a4
48. Kd2 Bg4 49. Kc2 a3 50. Kd2 Kb6 51. Ke1 Kc7 52. Kf2 Kd7 53. Kg3 Be2 54. Kf2
Bxd3 55. Kf3 Bb1 56. Kg4 d3 57. Kh5 d2 58. Kxh6 d1=Q 59. h5 Qg4 60. Kh7 Ke7 61.
h6 Kf7 0-1

[Event "Special Hiver Suisse"]
[Site "Gatineau CAN"]
[Date "2018.02.13"]
[Round "3"]
[White "Masse-Garneau, Anthony"]
[Black "Seguin, Hubert"]
[Result "1/2-1/2"]
[WhiteElo "1449"]
[BlackElo "1570"]
[PlyCount "108"]
[EventDate "2018.02.06"]
[EventType "swiss"]
[EventRounds "5"]
[EventCountry "CAN"]

1. Nf3 d5 2. g3 Nf6 3. Bg2 c5 4. O-O Nc6 5. d4 cxd4 6. Nxd4 e5 7. Nxc6 bxc6 8.
c4 Be6 9. Bg5 Be7 10. Nc3 Qd7 11. Bxf6 Bxf6 12. cxd5 cxd5 13. Bxd5 Rb8 14. Bxe6
Qxe6 15. Qa4+ Qd7 16. Rad1 Qxa4 17. Nxa4 Ke7 18. Rd5 Rhd8 19. Rfd1 Rxd5 20.
Rxd5 Rd8 21. Rxd8 Kxd8 22. Kg2 e4 23. f3 exf3+ 24. exf3 Kc7 25. Kf2 Kc6 26. Ke2
Kb5 27. Nc3+ Kc4 28. Kd2 Bd4 29. Kc2 f5 30. b3+ Kb4 31. a3+ Kc5 32. Kd3 Bg1 33.
h3 h5 34. b4+ Kd6 35. Kc4 g5 36. g4 fxg4 37. fxg4 hxg4 38. hxg4 Ke5 39. Nd5 Ke4
40. a4 Kf3 41. Nf6 Bb6 42. Kd5 Bd8 43. Ke5 Bxf6+ 44. Kxf6 Kxg4 45. b5 Kh4 46.
a5 g4 47. b6 axb6 48. axb6 g3 49. b7 g2 50. b8=Q g1=Q 51. Qh8+ Kg3 52. Qb8+ Kg2
53. Qg8+ Kf1 54. Qxg1+ Kxg1 1/2-1/2

[Event "Special Hiver Suisse"]
[Site "Gatineau CAN"]
[Date "2018.02.27"]
[Round "4"]
[White "Arcand, Pierre"]
[Black "Akrib, Fouad"]
[Result "0-1"]
[WhiteElo "1187"]
[BlackElo "1940"]
[PlyCount "82"]
[EventDate "2018.02.06"]
[EventType "swiss"]
[EventRounds "5"]
[EventCountry "CAN"]

1. e4 b6 2. Nf3 Bb7 3. Nc3 e6 4. Bb5 a6 5. Bc4 c5 6. d4 cxd4 7. Nxd4 Bb4 8. Bd2
Qc7 9. Bd3 Nf6 10. Qf3 O-O 11. O-O Be7 12. Qh3 b5 13. Rfe1 d6 14. Bg5 Nbd7 15.
Nf3 Nc5 16. Bxf6 gxf6 17. Ne2 Nxe4 18. Qg4+ Ng5 19. Nxg5 fxg5 20. Nf4 e5 21.
Qf5 e4 22. Ne6 fxe6 23. Qxe6+ Kh8 24. Bxe4 Bxe4 25. Rxe4 Bf6 26. Rae1 Rae8 27.
Qxe8 Rxe8 28. Rxe8+ Kg7 29. c3 Be5 30. g3 Qf7 31. Ra8 Qxa2 32. f4 gxf4 33. gxf4
Qd5 34. Ra7+ Kg6 35. Rxa6 Bxf4 36. Re2 h5 37. Rg2+ Kf5 38. Ra1 h4 39. Rf1 Ke4
40. Re2+ Be3+ 41. Kg2 Kd3+ 0-1

[Event "Special Hiver Suisse"]
[Site "Gatineau CAN"]
[Date "2018.02.27"]
[Round "4"]
[White "Lecorre, Joel"]
[Black "Masse-Garneau, Anthony"]
[Result "0-1"]
[WhiteElo "1512"]
[BlackElo "1449"]
[PlyCount "44"]
[EventDate "2018.02.06"]
[EventType "swiss"]
[EventRounds "5"]
[EventCountry "CAN"]

1. e4 c5 2. Nc3 d6 3. g3 Nc6 4. Bg2 Nf6 5. d3 g6 6. Nge2 Bg7 7. h3 O-O 8. O-O
Bd7 9. Be3 Qc8 10. Kh2 e6 11. Qd2 Rd8 12. g4 a6 13. Ng3 Nd4 14. f4 Bc6 15. Nd1
e5 16. c3 exf4 17. Rxf4 Ne6 18. Rf1 d5 19. Qf2 Qc7 20. g5 Nh5 21. Bf3 Nxg3 22.
Qxg3 Be5 0-1

[Event "Special Hiver Suisse"]
[Site "Gatineau CAN"]
[Date "2018.02.27"]
[Round "4"]
[White "Sabourin, Yves"]
[Black "Lemieux, Richard"]
[Result "0-1"]
[WhiteElo "1514"]
[BlackElo "1623"]
[PlyCount "150"]
[EventDate "2018.02.06"]
[EventType "swiss"]
[EventRounds "5"]
[EventCountry "CAN"]

1. e4 c6 2. d4 d5 3. e5 Bf5 4. Nf3 e6 5. Be2 Qa5+ 6. Nc3 c5 7. Bd2 Qb6 8. Na4
Qc6 9. Nxc5 Bxc5 10. dxc5 Qxc5 11. c3 Nc6 12. Be3 Qa5 13. O-O Nge7 14. Bd4 Bg4
15. b4 Qc7 16. b5 Bxf3 17. Bxf3 Nxe5 18. Be2 O-O 19. f4 Nc4 20. Bd3 g6 21. Qe2
Nf5 22. Bxf5 exf5 23. g3 Rae8 24. Qc2 Ne3 25. Bxe3 Rxe3 26. Qd2 Qc5 27. Qd4
Rxc3 28. Qxc5 Rxc5 29. a4 Re8 30. Rfe1 Re4 31. Red1 f6 32. Ra3 Kf7 33. Rb1 Ke6
34. a5 d4 35. Rb2 g5 36. Rf3 Re3 37. Kf2 Rcc3 38. Rxe3+ Rxe3 39. Rc2 d3 40. Rc8
Re2+ 41. Kf1 Rxh2 42. Ke1 Kd7 43. Rf8 Re2+ 44. Kd1 Ra2 45. fxg5 fxg5 46. Rxf5
h6 47. Rf7+ Kd6 48. Rxb7 Rxa5 49. Rb8 Kc5 50. Rc8+ Kxb5 51. Rc3 Ra6 52. Rxd3
Kc4 53. Rd8 Rc6 54. Rd2 Kb3 55. Rd3+ Rc3 56. Rd6 Rxg3 57. Rxh6 a5 58. Rb6+ Ka3
59. Ke2 a4 60. Kf2 Rb3 61. Rg6 Rb5 62. Re6 Ka2 63. Ke3 Kb2 64. Kd4 a3 65. Re2+
Ka1 66. Kc4 Rb2 67. Re1+ Rb1 68. Re2 Rb2 69. Re1+ Ka2 70. Rg1 Rc2+ 71. Kd3 Kb2
72. Rxg5 a2 73. Rb5+ Kc1 74. Ra5 Kb1 75. Rb5+ Rb2 0-1

[Event "Special Hiver Suisse"]
[Site "Gatineau CAN"]
[Date "2018.02.27"]
[Round "4"]
[White "Solunac, Stephen"]
[Black "Bastien, Andre"]
[Result "0-1"]
[WhiteElo "1749"]
[BlackElo "1866"]
[PlyCount "104"]
[EventDate "2018.02.06"]
[EventType "swiss"]
[EventRounds "5"]
[EventCountry "CAN"]

1. c4 b6 2. Nc3 Bb7 3. d3 e6 4. e4 c5 5. g3 Nc6 6. Bg2 g6 7. Nge2 Bg7 8. Be3
Nge7 9. O-O O-O 10. Qd2 Ne5 11. h3 f5 12. f4 Nf7 13. Rad1 Rc8 14. b3 d5 15.
exd5 exd5 16. d4 Re8 17. dxc5 bxc5 18. cxd5 Nd6 19. Nc1 Rc7 20. Nd3 Bd4 21. Ne5
Bxe3+ 22. Qxe3 Kg7 23. Rfe1 Ng8 24. Qd3 Rce7 25. Na4 Qa5 26. Rc1 c4 27. Qd4 Nf6
28. Nc5 Bc8 29. bxc4 Rc7 30. Ne6+ Bxe6 31. dxe6 Rxe6 32. Bd5 Ree7 33. g4 Qc5
34. Qxc5 Rxc5 35. Red1 Rec7 36. Nd3 Ra5 37. Be6 Nde4 38. gxf5 gxf5 39. Ne5 Ng3
40. Rc2 Nfe4 41. Rg2 Kf6 42. Bd5 Nh5 43. Nd3 Nc3 44. Re1 Nxd5 45. cxd5 Rxd5 46.
Rd1 Nxf4 47. Rgd2 Rcd7 48. Nxf4 Rxd2 49. Re1 Rd1 50. Kf2 Rxe1 51. Kxe1 Rd4 52.
Ne2 Rh4 0-1

[Event "Special Hiver Suisse"]
[Site "Gatineau CAN"]
[Date "2018.02.27"]
[Round "4"]
[White "Tadros, Nicolas"]
[Black "Iyamuremye, Gervais"]
[Result "0-1"]
[WhiteElo "949"]
[BlackElo "1477"]
[PlyCount "122"]
[EventDate "2018.02.06"]
[EventType "swiss"]
[EventRounds "5"]
[EventCountry "CAN"]

1. e4 e5 2. Nf3 Nc6 3. d3 Nf6 4. Bg5 Be7 5. Nc3 h6 6. Bh4 d6 7. h3 d5 8. exd5
Nxd5 9. Bxe7 Ndxe7 10. Qd2 Nd4 11. Be2 Ng6 12. Nxd4 Qxd4 13. Qe3 Qxe3 14. fxe3
Be6 15. Bg4 Bxg4 16. hxg4 O-O-O 17. O-O-O f6 18. Rd2 c6 19. b4 Ne7 20. e4 Rd4
21. a3 Kb8 22. Rhd1 Ng6 23. Ne2 Rdd8 24. d4 Kc7 25. dxe5 Rxd2 26. Rxd2 Nxe5 27.
Nd4 Rg8 28. Ne6+ Kc8 29. Nf4 Nxg4 30. Ng6 Re8 31. Rd4 Ne5 32. Nf4 Ng4 33. Kd2
Ne5 34. Ke3 Re7 35. c4 f5 36. a4 g5 37. Nh3 f4+ 38. Kd2 Rd7 39. Rxd7 Kxd7 40.
Kc3 Kd6 41. Nf2 c5 42. bxc5+ Kxc5 43. Kb3 f3 44. gxf3 Nxf3 45. Nd3+ Kd4 46. Nf2
Ne5 47. Kb4 Nxc4 48. Ng4 a5+ 49. Kb5 h5 50. Nf6 h4 51. Nd5 h3 52. e5 Kxd5 53.
e6 h2 54. e7 Nd6+ 55. Kxa5 h1=Q 56. Kb6 Qc1 57. Ka7 g4 58. a5 g3 59. a6 bxa6
60. e8=Q Nxe8 61. Ka8 Kc6 0-1

[Event "Special Hiver Suisse"]
[Site "Gatineau CAN"]
[Date "2018.03.06"]
[Round "5"]
[White "Bastien, Andre"]
[Black "Gagnon, Fabien"]
[Result "1-0"]
[WhiteElo "1866"]
[BlackElo "1838"]
[PlyCount "53"]
[EventDate "2018.02.06"]
[EventType "swiss"]
[EventRounds "5"]
[EventCountry "CAN"]

1. d4 f5 2. Nf3 e6 3. g3 d5 4. Bg2 Nf6 5. c4 c6 6. O-O Bd6 7. c5 Bc7 8. Nc3 b6
9. b4 O-O 10. Qb3 Ne4 11. Rd1 a5 12. cxb6 Bxb6 13. Ba3 Rf7 14. Ne5 Rfa7 15.
Bxe4 fxe4 16. b5 Bd7 17. Na4 cxb5 18. Nxb6 Qxb6 19. Bc5 Qa6 20. Bxa7 Rxa7 21.
Rac1 b4 22. Qc2 a4 23. Qc5 b3 24. axb3 axb3 25. Qe7 Qa3 26. Qf7+ Kh8 27. Nxd7
1-0

[Event "Special Hiver Suisse"]
[Site "Gatineau CAN"]
[Date "2018.03.06"]
[Round "5"]
[White "Danilov, Alex"]
[Black "Tadros, Nicolas"]
[Result "1-0"]
[WhiteElo "1664"]
[BlackElo "949"]
[PlyCount "21"]
[EventDate "2018.02.06"]
[EventType "swiss"]
[EventRounds "5"]
[EventCountry "CAN"]

1. Nf3 Nf6 2. c4 c5 3. e3 Nc6 4. Nc3 e6 5. b3 Bd6 6. Bb2 b6 7. d4 Bb7 8. d5
exd5 9. Nb5 Be7 10. cxd5 d6 11. Nc7+ 1-0

[Event "Special Hiver Suisse"]
[Site "Gatineau CAN"]
[Date "2018.03.06"]
[Round "5"]
[White "Lecorre, Joel"]
[Black "Arcand, Pierre"]
[Result "1-0"]
[WhiteElo "1512"]
[BlackElo "1187"]
[PlyCount "61"]
[EventDate "2018.02.06"]
[EventType "swiss"]
[EventRounds "5"]
[EventCountry "CAN"]

1. e4 e5 2. Nf3 Nc6 3. Bc4 Nf6 4. d3 h6 5. a3 Bc5 6. h3 O-O 7. O-O d5 8. exd5
Nxd5 9. b4 Nb6 10. Bb5 Bd6 11. c4 Nd7 12. Re1 Re8 13. Bb2 f6 14. c5 Bf8 15.
Bc4+ Kh8 16. Bf7 Re7 17. Bd5 Nxc5 18. Bxc6 Nxd3 19. Re3 bxc6 20. Rxd3 Bd7 21.
Nh4 Qe8 22. g4 a5 23. Nc3 axb4 24. axb4 Rb8 25. Ra7 Qc8 26. Ng6+ Kg8 27. Nxe7+
Bxe7 28. Rxd7 Rb7 29. Rxb7 Qxb7 30. Rxe7 Qxb4 31. Qd7 1-0

[Event "Special Hiver Suisse"]
[Site "Gatineau CAN"]
[Date "2018.03.06"]
[Round "5"]
[White "Lemieux, Richard"]
[Black "Masse-Garneau, Anthony"]
[Result "1/2-1/2"]
[WhiteElo "1623"]
[BlackElo "1449"]
[PlyCount "91"]
[EventDate "2018.02.06"]
[EventType "swiss"]
[EventRounds "5"]
[EventCountry "CAN"]

1. e4 e5 2. d4 exd4 3. Qxd4 Nc6 4. Qa4 Bc5 5. Nf3 d6 6. Bc4 h6 7. O-O Bd7 8.
Bb5 Nge7 9. Bf4 a6 10. Bxc6 Bxc6 11. Qc4 Bb5 12. Qb3 Bxf1 13. Kxf1 O-O 14. e5
dxe5 15. Bxe5 Qd1+ 16. Ne1 Qd5 17. Qg3 Ng6 18. Bxc7 Rfe8 19. Nc3 Qg5 20. Qxg5
hxg5 21. Nd3 Bd4 22. Ne2 Bf6 23. Bb6 Re6 24. Be3 Rc8 25. c3 b6 26. Nb4 a5 27.
Nd5 Bd8 28. Rd1 Nf4 29. Nexf4 gxf4 30. Bxf4 b5 31. a3 a4 32. Rd3 Ba5 33. Bg5
Rce8 34. Ne3 f6 35. Bh4 g5 36. Bg3 f5 37. Rd5 Bb6 38. Rxf5 Bxe3 39. fxe3 Rxe3
40. Rxg5+ Kf7 41. Rxb5 Re2 42. Rb4 R8e3 43. Rf4+ Kg7 44. Rg4+ Kf7 45. Rf4+ Kg7
46. Rg4+ 1/2-1/2

[Event "Special Hiver Suisse"]
[Site "Gatineau CAN"]
[Date "2018.03.06"]
[Round "5"]
[White "Sabourin, Yves"]
[Black "Solunac, Stephen"]
[Result "0-1"]
[WhiteElo "1514"]
[BlackElo "1749"]
[PlyCount "62"]
[EventDate "2018.02.06"]
[EventType "swiss"]
[EventRounds "5"]
[EventCountry "CAN"]

1. e4 Nf6 2. e5 Nd5 3. c4 Nb6 4. d4 d6 5. exd6 cxd6 6. Nf3 Bg4 7. Be2 Nc6 8. b3
g6 9. Nc3 Bg7 10. Be3 O-O 11. O-O d5 12. c5 Nd7 13. Nxd5 Nxc5 14. Rc1 Ne6 15.
Nb6 Qxb6 16. d5 Ncd4 17. dxe6 Nxe2+ 18. Qxe2 Qxe6 19. h3 Bf5 20. Rc4 Rfd8 21.
Rd1 Qa6 22. Nd4 Bd7 23. Qc2 e5 24. Nf3 Bc6 25. Nd2 Bb5 26. Rc5 Bf8 27. Rxe5 Bd3
28. Qc1 Rac8 29. Nc4 b5 30. Rxd3 Rxd3 31. Qc2 bxc4 0-1

[Event "Special Hiver Suisse"]
[Site "Gatineau CAN"]
[Date "2018.03.06"]
[Round "5"]
[White "Seguin, Hubert"]
[Black "Labrie, Dany"]
[Result "1-0"]
[WhiteElo "1570"]
[BlackElo "1304"]
[PlyCount "79"]
[EventDate "2018.02.06"]
[EventType "swiss"]
[EventRounds "5"]
[EventCountry "CAN"]

1. e4 c5 2. Nc3 d6 3. g3 g6 4. Bg2 Bg7 5. d3 Nf6 6. f4 a6 7. Nge2 Nc6 8. O-O
Nd7 9. Nd5 b5 10. c3 Rb8 11. Kh1 b4 12. Bd2 a5 13. Qc2 Ba6 14. Rf2 O-O 15. Ne3
e6 16. Rd1 f5 17. exf5 Bb7 18. fxe6 Nde5 19. Rff1 h5 20. fxe5 Nxe5 21. Bxb7
Rxb7 22. Nf4 Kh7 23. d4 Ng4 24. Qxg6+ Kg8 25. Nf5 Qf6 26. Qxf6 Nxf6 27. e7 Rf7
28. Nxd6 Rfxe7 29. Nxb7 Rxb7 30. Ne6 Ne4 31. Nxg7 Rxg7 32. dxc5 Nxc5 33. Bh6
Rg4 34. Rd5 bxc3 35. bxc3 Rc4 36. Rxh5 Rxc3 37. Rf8+ Kh7 38. Bd2+ Kg6 39. Bxc3
Kxh5 40. Rf5+ 1-0

[Event "Ste-Foy - Botwinnik"]
[Site "Ste-Foy CAN"]
[Date "2018.09.08"]
[Round "1"]
[White "Auger, Bertrand"]
[Black "Dube, Daniel"]
[Result "1-0"]
[WhiteElo "1924"]
[BlackElo "1819"]
[PlyCount "103"]
[EventDate "2018.09.08"]
[EventType "swiss"]
[EventRounds "5"]
[EventCountry "CAN"]

1. Nf3 c5 2. g3 Nc6 3. d4 cxd4 4. Nxd4 g6 5. Bg2 Bg7 6. Nxc6 dxc6 7. Qxd8+ Kxd8
8. c4 Be6 9. Na3 h5 10. h3 Nh6 11. e4 f5 12. O-O fxe4 13. Re1 Bf5 14. Nc2 Nf7
15. c5 Ne5 16. Bxe4 Bxh3 17. Bf4 Nd7 18. Bxg6 e5 19. Bg5+ Kc7 20. b4 b6 21. b5
Nxc5 22. bxc6 Ne6 23. Be3 h4 24. Nb4 Rad8 25. Be4 hxg3 26. fxg3 Bh6 27. Nd5+
Rxd5 28. Bxd5 Bg7 29. Rad1 Nd8 30. Rc1 Be6 31. Be4 Bh6 32. a4 Nf7 33. a5 Nd6
34. axb6+ axb6 35. Bg2 Bg7 36. Ra1 Nc8 37. Be4 b5 38. Ra5 Bc4 39. Rd1 Rd8 40.
Rxd8 Kxd8 41. g4 Bf8 42. g5 Nd6 43. Bb6+ Ke7 44. Bc5 Ke6 45. c7 Kd7 46. Ra8
Kxc7 47. g6 Nxe4 48. Bxf8 Nc3 49. g7 e4 50. Bc5 Kc6 51. Bb4 e3 52. Rc8+ 1-0